Distribution of exchangeable and total manganese in rubber growing regions of India (Record no. 47068)
[ view plain ]
| 000 -LEADER | |
|---|---|
| fixed length control field | 01877nam a2200301Ia 4500 |
| 100 ## - MAIN ENTRY--AUTHOR NAME | |
| Personal name | Karthikakuttyamma M |
| 245 #0 - TITLE STATEMENT | |
| Title | Distribution of exchangeable and total manganese in rubber growing regions of India |
| 260 ## - PUBLICATION, DISTRIBUTION, ETC. (IMPRINT) | |
| Name of publisher | Indian Journal of Natural Rubber Research |
| Year of publication | 1989 |
| 300 ## - PHYSICAL DESCRIPTION | |
| Number of Pages | 91-98 |
| 520 ## - SUMMARY, ETC. | |
| Summary, etc | Profiles weere exposed in the conventional rubber growing areas in Kanyakumari, Kottayam, Trichur and Calicut and in the non-conventional region in Dapchari, Maharashtra. Soil samples were collected horizon-wise from these profiles and analysed for mechanical composition, organic carbon, pH, total iron, total manganese and exchangeable managanese. Correlations were worked out between the two forms of managanese and physico-chemical properties of the soil. It was observed that the total as well as the available managanese are high in Dapchari compared to other regions studied. The total manganese was found to be significantly correlated with the exchangeable managanese, fine sand, silt and total iron. The high content of managanese (1373 ppm) in the soil of Dapchari may not cause any adverse effect on growth of rubber, as rubber is found to be growing satisfactorily in soils having similar manganese staus in other rubber growing countries. |
| 650 ## - SUBJECT ADDED ENTRY--TOPICAL TERM | |
| Topical Term | Correlations |
| 650 ## - SUBJECT ADDED ENTRY--TOPICAL TERM | |
| Topical Term | Correlations |
| 650 ## - SUBJECT ADDED ENTRY--TOPICAL TERM | |
| Topical Term | Exchangeable manganese |
| 650 ## - SUBJECT ADDED ENTRY--TOPICAL TERM | |
| Topical Term | Exchangeable manganese |
| 650 ## - SUBJECT ADDED ENTRY--TOPICAL TERM | |
| Topical Term | India |
| 650 ## - SUBJECT ADDED ENTRY--TOPICAL TERM | |
| Topical Term | India |
| 650 ## - SUBJECT ADDED ENTRY--TOPICAL TERM | |
| Topical Term | Soil mechanical composition |
| 650 ## - SUBJECT ADDED ENTRY--TOPICAL TERM | |
| Topical Term | Soil mechanical composition |
| 650 ## - SUBJECT ADDED ENTRY--TOPICAL TERM | |
| Topical Term | Total manganese |
| 650 ## - SUBJECT ADDED ENTRY--TOPICAL TERM | |
| Topical Term | Total manganese |
| 650 ## - SUBJECT ADDED ENTRY--TOPICAL TERM | |
| Topical Term | Traditional and non-traditional rubber growing regions |
| 650 ## - SUBJECT ADDED ENTRY--TOPICAL TERM | |
| Topical Term | Traditional and non-traditional rubber growing regions |
| 700 ## - ADDED ENTRY--PERSONAL NAME | |
| Personal name | Augusthy A |
| 700 ## - ADDED ENTRY--PERSONAL NAME | |
| Personal name | Krishnakumar V |
| 700 ## - ADDED ENTRY--PERSONAL NAME | |
| Personal name | Mathew M |
| 942 ## - ADDED ENTRY ELEMENTS (KOHA) | |
| Koha item type | Articles |
| Withdrawn status | Lost status | Damaged status | Not for loan | Home library | Current library | Shelving location | Date acquired | Serial Enumeration / chronology | Koha item type |
|---|---|---|---|---|---|---|---|---|---|
| Articles | RRII Library | RRII Library | Agronomy | 20/12/2021 | Volume 2, Issue 2 | Articles |